Komparácia ES Pohoda s iným ekonomickým systémom bakalárska práca

Gespeichert in:
Bibliographische Detailangaben
1. Verfasser: Petruszová, Flóra
Körperschaft: Fakulta hospodárskej informatiky EU. Katedra účtovníctva a audítorstva
Weitere Verfasser: Szász, Marek
Format: Buch
Sprache:Slowakisch
Veröffentlicht: Bratislava 2016
Tags: Tag hinzufügen
Keine Tags, Fügen Sie das erste Tag hinzu!

MARC

LEADER 00000nbm a2200000 4500
001 0219091
005 20240903101858.6
041 0 |a slo 
044 |a SK 
245 1 0 |a Komparácia ES Pohoda s iným ekonomickým systémom  |b bakalárska práca  |c Flóra Petruszová ; školiteľ: Marek Szász 
264 1 |a Bratislava  |c 2016 
300 |a 37 s. 
100 1 |a Petruszová, Flóra 
700 1 |a Szász, Marek 
710 2 |a Fakulta hospodárskej informatiky EU. Katedra účtovníctva a audítorstva